000 01312nam a2200325 i 4500
001 197082
003 SpMaBN
005 20250825062709.0
008 250330s2024 sp |||||| 000 | spa|
017 _aM 23996-2024
_bOficina Depósito Legal Madrid
020 _a9788412787641
040 _aSpMaBN
_bspa
_cSpMaBN
_erda
100 1 _9176562
_aLópez Expósito, Ana María
_ecoor
245 1 0 _aAromas de mujer /
_cAna María López Expósito (coordinadora) ; ilustraciones de Pilar París.
300 _a266 páginas
_c21 cm
336 _aTexto
_2rdacontent
337 _asin mediación
_2rdamedia
338 _avolumen
_2rdacarrier
655 0 _9176540
_aAntologías
655 7 _2tgfbne
_aLibros ilustrados
_9193653
700 1 _aParís, Pilar
_eill
_9241955
700 1 _aAmador Bravo, Juanita
_eaut
_9241956
700 1 _aAtoulid, Fátima
_eaut
_9241957
852 _aES-MaACL
_cDEPOJ
_jN-10505
_gDedicatoria autógrafa de Ana María López Expósito
_hDonación: Ana María López Expósito
_xEncuadernación rústica con solapas
_9206628
903 _9176562
_aLópez Expósito, Ana María
_ednr
942 _cMONOGRAFIA
_n0
999 _c197082
_d197082